<?xml version="1.0" encoding="UTF-8"?>
<record
    xmlns:xsi="http://www.w3.org/2001/XMLSchema-instance"
    xsi:schemaLocation="http://www.loc.gov/MARC21/slim http://www.loc.gov/standards/marcxml/schema/MARC21slim.xsd"
    xmlns="http://www.loc.gov/MARC21/slim">

  <leader>00891nam a2200217Ia 4500</leader>
  <datafield tag="999" ind1=" " ind2=" ">
    <subfield code="c">39206</subfield>
    <subfield code="d">39206</subfield>
  </datafield>
  <controlfield tag="001">5792</controlfield>
  <controlfield tag="003">GE_BSU</controlfield>
  <controlfield tag="005">20190624163626.0</controlfield>
  <controlfield tag="008">181216s1965||||   |||||||||||||| ||geo||</controlfield>
  <datafield tag="041" ind1=" " ind2=" ">
    <subfield code="a">geo</subfield>
  </datafield>
  <datafield tag="080" ind1=" " ind2=" ">
    <subfield code="a">621.314.1/5(075.8) &#x10E0;-76</subfield>
  </datafield>
  <datafield tag="100" ind1=" " ind2=" ">
    <subfield code="a">&#x10E0;&#x10D0;&#x10D6;&#x10DB;&#x10D0;&#x10EB;&#x10D4;, &#x10E8;.</subfield>
    <subfield code="9">2843</subfield>
  </datafield>
  <datafield tag="245" ind1=" " ind2=" ">
    <subfield code="a">&#x10D3;&#x10D4;&#x10DC;&#x10D8;&#x10E1; &#x10D2;&#x10D0;&#x10E0;&#x10D3;&#x10D0;&#x10DB;&#x10E5;&#x10DC;&#x10D4;&#x10DA;&#x10D4;&#x10D1;&#x10D8; : &#x10D3;&#x10D0;&#x10DB;&#x10EE;&#x10DB;. &#x10E1;&#x10D0;&#x10EE;&#x10D4;&#x10DA;&#x10DB;&#x10EB;&#x10E6;. /</subfield>
    <subfield code="c">&#x10E8;. &#x10E0;&#x10D0;&#x10D6;&#x10DB;&#x10D0;&#x10EB;&#x10D4; ;  &#x10E0;&#x10D4;&#x10D3; :  &#x10D5;.&#x10D9;&#x10DD;&#x10D1;&#x10D8;&#x10D0;&#x10E8;&#x10D5;&#x10D8;&#x10DA;&#x10D8;.</subfield>
  </datafield>
  <datafield tag="264" ind1=" " ind2=" ">
    <subfield code="a">&#x10D7;&#x10D1;&#x10D8;&#x10DA;&#x10D8;&#x10E1;&#x10D8; :</subfield>
    <subfield code="b">&#x10D2;&#x10D0;&#x10DC;&#x10D0;&#x10D7;&#x10DA;&#x10D4;&#x10D1;&#x10D0;, </subfield>
    <subfield code="c">1965.</subfield>
  </datafield>
  <datafield tag="300" ind1=" " ind2=" ">
    <subfield code="a">486 &#x10D2;&#x10D5; .:</subfield>
    <subfield code="b">&#x10DC;&#x10D0;&#x10EE;.</subfield>
    <subfield code="c">22 &#x10E1;&#x10DB;.</subfield>
  </datafield>
  <datafield tag="504" ind1=" " ind2=" ">
    <subfield code="a">&#x10D8;&#x10D1;&#x10DA;&#x10D8;&#x10DD;&#x10D2;&#x10E0;.:&#x10D2;&#x10D5;.477-480</subfield>
  </datafield>
  <datafield tag="653" ind1=" " ind2=" ">
    <subfield code="a">&#x10D3;&#x10D4;&#x10DC;&#x10D8;&#x10E1; &#x10D2;&#x10D0;&#x10E0;&#x10D3;&#x10D0;&#x10DB;&#x10E5;&#x10DC;&#x10D4;&#x10DA;&#x10D4;&#x10D1;&#x10D8;</subfield>
  </datafield>
  <datafield tag="653" ind1=" " ind2=" ">
    <subfield code="a">&#x10E2;&#x10D4;&#x10E5;&#x10DC;&#x10D8;&#x10D9;&#x10D0;</subfield>
  </datafield>
  <datafield tag="700" ind1=" " ind2=" ">
    <subfield code="a">&#x10D9;&#x10DD;&#x10D1;&#x10D8;&#x10D0;&#x10E8;&#x10D5;&#x10D8;&#x10DA;&#x10D8;, &#x10D5;</subfield>
    <subfield code="e">&#x10E0;&#x10D4;&#x10D3;&#x10D0;&#x10E5;&#x10E2;&#x10DD;&#x10E0;&#x10D8;</subfield>
    <subfield code="9">2844</subfield>
  </datafield>
  <datafield tag="942" ind1=" " ind2=" ">
    <subfield code="c">BK</subfield>
    <subfield code="2">udc</subfield>
  </datafield>
  <datafield tag="952" ind1=" " ind2=" ">
    <subfield code="0">0</subfield>
    <subfield code="1">0</subfield>
    <subfield code="2">udc</subfield>
    <subfield code="4">0</subfield>
    <subfield code="6">621314150758_&#x10E0;76</subfield>
    <subfield code="7">0</subfield>
    <subfield code="9">41963</subfield>
    <subfield code="a">SPL</subfield>
    <subfield code="b">SPL</subfield>
    <subfield code="c">GEN</subfield>
    <subfield code="d">2018-12-17</subfield>
    <subfield code="g">2.00</subfield>
    <subfield code="o">621.314.1/5(075.8) &#x10E0;-76</subfield>
    <subfield code="p">10851</subfield>
    <subfield code="r">2018-12-17</subfield>
    <subfield code="t">10851</subfield>
    <subfield code="w">2018-12-17</subfield>
    <subfield code="y">BK</subfield>
    <subfield code="z">2 &#x10DA;.44 &#x10D7;.</subfield>
  </datafield>
  <datafield tag="952" ind1=" " ind2=" ">
    <subfield code="0">0</subfield>
    <subfield code="1">0</subfield>
    <subfield code="2">udc</subfield>
    <subfield code="4">0</subfield>
    <subfield code="6">621314150758_&#x10E0;76</subfield>
    <subfield code="7">0</subfield>
    <subfield code="9">41964</subfield>
    <subfield code="a">SPL</subfield>
    <subfield code="b">SPL</subfield>
    <subfield code="c">GEN</subfield>
    <subfield code="d">2018-12-17</subfield>
    <subfield code="g">2.00</subfield>
    <subfield code="o">621.314.1/5(075.8) &#x10E0;-76</subfield>
    <subfield code="p">10852</subfield>
    <subfield code="r">2018-12-17</subfield>
    <subfield code="t">10852</subfield>
    <subfield code="w">2018-12-17</subfield>
    <subfield code="y">BK</subfield>
    <subfield code="z">2 &#x10DA;. 44 &#x10D7;.</subfield>
  </datafield>
  <datafield tag="952" ind1=" " ind2=" ">
    <subfield code="0">0</subfield>
    <subfield code="1">0</subfield>
    <subfield code="2">udc</subfield>
    <subfield code="4">0</subfield>
    <subfield code="6">621314150758_&#x10E0;76</subfield>
    <subfield code="7">0</subfield>
    <subfield code="9">41965</subfield>
    <subfield code="a">SPL</subfield>
    <subfield code="b">SPL</subfield>
    <subfield code="c">GEN</subfield>
    <subfield code="d">2018-12-17</subfield>
    <subfield code="g">2.00</subfield>
    <subfield code="o">621.314.1/5(075.8) &#x10E0;-76</subfield>
    <subfield code="p">10853</subfield>
    <subfield code="r">2018-12-17</subfield>
    <subfield code="t">10853</subfield>
    <subfield code="w">2018-12-17</subfield>
    <subfield code="y">BK</subfield>
    <subfield code="z">2 &#x10DA;. 44 &#x10D7;.</subfield>
  </datafield>
</record>
